[Event "Bad Ragaz op"]
[Site "Bad Ragaz"]
[Date "1991.??.??"]
[Round "6"]
[White "Komarov, Dimitri"]
[Black "Huss, Andreas"]
[Result "1/2-1/2"]
[WhiteElo "2475"]
[BlackElo "2340"]
[Annotator "Ambroz,J"]
[PlyCount "55"]
[EventDate "1991.??.??"]
[EventType "swiss"]
[EventRounds "9"]
[EventCountry "SUI"]
[SourceTitle "TD"]
[Source "ChessBase"]
[SourceDate "1994.03.01"]
[SourceVersion "1"]
[SourceVersionDate "1994.03.01"]
[SourceQuality "1"]

1. d4 e6 2. c4 Nf6 3. Nf3 b6 4. Nc3 Bb4 5. Bg5 h6 6. Bh4 Bb7 7. e3 Bxc3+ 8.
bxc3 d6 9. Nd2 Nbd7 10. f3 Qe7 11. Be2 e5 12. e4 O-O-O $5 (12... g5 13. Bf2 Nh5
14. g3 {[14.Sf1 g5!?]} Ng7) 13. Nf1 $5 g5 14. Bf2 Nh5 15. Ne3 {[Nach 15.g3
folgt 15...f5!]} Nf4 16. Bf1 (16. Nf5 Qf6 17. g3 Nxe2 18. Qxe2 g4 $5 19. fxg4
exd4 20. Bxd4 {[20.cxd4 Lxe4]} Ne5 $19) 16... h5 17. g3 Ne6 18. Qa4 Kb8 19.
O-O-O {[Besser sieht 19.Sd5 gefolgt von 20.0-0-0 aus.]} Qf6 $1 20. Be2 g4 21.
Nd5 Qg7 22. f4 {[Vielleicht muss Weiss alle Türen schliessen und 22.fxg4 hxg4
23.c5!? spielen]} exf4 23. gxf4 c6 24. Qa3 Nf6 25. Nxf6 {[Jetzt kommt eine
Ueberraschung!]} Nxf4 $1 26. Bh4 Ng2 27. Nxh5 Qh6+ 28. Kb1 1/2-1/2

[Event "Olympiad-37"]
[Site "Turin"]
[Date "2006.05.24"]
[Round "4"]
[White "Aronian, Levon"]
[Black "Johannessen, Leif Erlend"]
[Result "1-0"]
[WhiteElo "2756"]
[BlackElo "2559"]
[Annotator "Aronian,L"]
[PlyCount "61"]
[EventDate "2006.05.21"]
[EventType "team-swiss"]
[EventRounds "13"]
[EventCountry "ITA"]
[SourceTitle "CBM 113"]
[Source "ChessBase"]
[SourceDate "2006.07.31"]
[SourceVersion "1"]
[SourceVersionDate "2006.07.31"]
[SourceQuality "1"]
[WhiteTeam "Armenia"]
[BlackTeam "Norway"]
[WhiteTeamCountry "ARM"]
[BlackTeamCountry "NOR"]

1. d4 Nf6 2. c4 e6 3. Nc3 Bb4 4. Nf3 {A new move for me. At the Olympiad, it
brought me 2/2, the same as my teammate and friend, Gabriel!} b6 {However, my
opponent replied confidently and made the next few moves quickly. Evidently,
he had noticed that I also played 4.Nf3 in the previous round.} 5. Bg5 Bb7 6.
Nd2 {A currently popular move. The resulting positions suit players with a
liking for dynamic play.} h6 7. Bh4 Nc6 8. e3 Bxc3 9. bxc3 Qe7 {Here,
surprised by my opponent's quick play in a position that by rights should be
little-known to him (he usually plays Slav-type set-ups), I thought for a
while. Since Gabriel had told me that in such positions one should play f3, I
checked that after e5 White has the solid reply Be2, and then I got on with it.
} 10. f3 e5 11. d5 {Here it dawned on me that I could reach the first round
game Sargissian-Soto, and I decided to transpose into it.} ({After the correct
} 11. Be2 {if Black wishes to try to refute White's set-up, the following
variation is possible:} exd4 12. exd4 O-O-O 13. d5 {where, despite the
weakening of his pawn structure, White's position is preferable, since his
strong dark-squared bishop compensates for these other weaknesses.}) 11... Nb8
12. Bd3 Na6 {Of course! There is no need at all to spend a tempo on the move
12...d6, especially as after 13.Bf5 it would transpose into the game I was
familiar with.} 13. O-O {As usual in these positions, the move Ne4 runs into
the reply g5 and the exchange of knights, which favour Black - quite a common
occurrence in cramped positions.} g5 {I have to admit that this move came as a
shock. I expected something like 13...Nc5 with the idea after any retreat of
the bishop (I still didn't like 14.Ne4 because of 14...g5) of castling short.
I have the troublesome suspicion that Black would have somewhat the better
prospects after this.} 14. Bg3 {Only here. Now White has the break f4.} Nc5 ({
The idiotic computer wants to fight against f3-f4 by means of} 14... c6 {
, but this is a typical case of playing with fire, since after} 15. f4 exf4 16.
exf4 Qe3+ 17. Bf2 Qxd3 18. Bd4 {Black is helpless, despite his extra bishop.})
15. Bc2 (15. Bf5 {does not make much sense, because after} Nh5 {there is
scarecely anything better than} 16. Bf2 {and in this case the bishop will be
hit when the knight retreats to g7, granting Black a valuable tempo for the
defence.}) 15... O-O-O {Now White activates his position markedly.} ({It does
not look great, but it was possible to play} 15... Nh5 16. Bf2 Nf6 ({he cannot
create a defensive line by} 16... Ng7 17. f4 e4 {because of} 18. Nb3 {and
after the further exchange on g5, the bishop comes to g3 and Black cannot
consolidate.}) 17. f4 d6 ({after} 17... e4 18. Nb3 {and the further Bg3, White
controls the game.}) 18. fxe5 dxe5 19. a4 {and it is very difficult for Black
to create counterplay.}) 16. f4 exf4 ({After the resource} 16... Nfe4 {(which
I had not seen) there is the tactical blow} 17. Bxe4 Nxe4 18. Nxe4 exf4 19.
Nxg5 {. After} hxg5 20. exf4 Qe3+ 21. Rf2 {White retains the advantage.}) 17.
exf4 Nce4 {I thought this was the only move.} ({Probably my opponent was also
feeling pessemistic, about the move} 17... Qe3+ {. I thought that after} 18.
Bf2 Qxc3 19. fxg5 hxg5 20. Nb3 {Black was in a bad way, but now I see that
after} ({Probably stronger is} 20. Rb1 {(with the possible idea of taking on
c5 and playing Rb3, trying to create threats along the b-file). The activity
of White's pieces guarantees him a prolonged initiative.}) 20... Nfe4 {the
Black pieces are coming to life.}) 18. Nxe4 Nxe4 19. Re1 {Having a great
choice in this position, I was still afraid of settling for too little, and
finally decided not to allow opposite-coloured bishops.} ({I did not like the
fact that after} 19. Bxe4 Qxe4 20. Qd4 Qxd4+ 21. cxd4 {Black at various
moments has the breakout move b5. Even so, one must accept that with
opposite-coloured bishops, Wite has excellent chances of an advantage.}) 19...
Qc5+ ({It is understandable that my opponent did not fancy the position after} 
19... f5 20. Bxe4 fxe4 21. Qd4 {Sooner or later, White will pick up the e4
pawn.}) 20. Qd4 Qxd4+ (20... Nxg3 21. Qxc5 bxc5 22. hxg3 Rde8 {was also
possible, and despite his bad bishop, Black has chances of a draw. Whatever he
plays, Black has a tough fight to save half a point.}) 21. cxd4 Nxg3 22. hxg3 {
Despite White's obvious advantage in the centre, his winning chances are not
great, thanks to the lack of weaknesses in Black's position. Now I very much
wanted to bury the black bishop by means of d6 cxd6; d5, but I could not make
it work.} Rde8 ({The attempt to liberate the bishop by} 22... b5 {deserved
attention. I was planning to play} 23. Bb3 {, although admittedly after} bxc4
24. Bxc4 gxf4 25. gxf4 Rhg8 {the idea of Rg6 allows Black to hold the balance.}
) (22... b5 {It seems that White should play} 23. cxb5 Bxd5 24. Re5 Be6 25.
Rae1 {retaining some pressure.}) 23. Re5 {Until I played this move, it seemed
to me that all my teammates were looking at me a bit puzzled. I think that by
activating this rook, I restored a bit of faith amongst them.} f6 {Now after
b5 it will be possible calmly to reply 24.Bb3.} ({After} 23... Kd8 {I was
going to play somply} 24. Kf2 {. Passive defence did not suit my opponent, and
he decided to activate his rook.}) 24. Rf5 Re2 (24... Rhf8 {is bad because of}
25. Kf2 {and the weakness of h6 makes itself felt.}) 25. Bb3 Rf8 (25... gxf4 {
was unattractive because after} 26. Rxf4 {Black can no longer attack the pawn
on d4.}) 26. fxg5 hxg5 27. Raf1 Kd8 {At this moment, my opponent was running
short of time, and this was the main cause of this mistake. Black's best
chance was to try to undermine the white bishop's post by a queenside pawn
advance.} ({After} 27... a5 28. Rxf6 (28. Rxg5 a4 29. Bxa4 Rxa2 {and the
hanging position of the white rook does not give him time to defend his pawns.}
) 28... Rxf6 29. Rxf6 Ba6 {Black equalizes the game.}) 28. Rxg5 {The correct
choice.} ({After} 28. Rxf6 Rxf6 29. Rxf6 Re4 {Black is OK once again.}) 28...
Ke7 {The decisive mistake.} ({There were still chances to resist after} 28...
Rd2 29. Rg7 Rxd4 {It seemed to me that in this case} {Maybe I have to play
simply} 30. Rf4 (30. g4 {should decide the game, but the soulless silicon
beast maintains the balance by means of} Ba6 (30... c6) 31. g5 f5 {without
fearing my passed pawn.}) 30... Rxf4 31. gxf4 {with advantage to White, on
account of the active rook.}) 29. Rg7+ Rf7 30. Rg8 Re4 ({I expected} 30... Rf8
{after which I would have replied} 31. Rg6 {retaining the pressure. The text
move loses immediately.}) 31. c5 {31.Bc2 was also possible but I decided to
save this option for later. Now m opponent made as if to play 31...Rh7, but
after picking up the rook on f7, he resigned immediately, presumably having
noticed 32.Bc2. This could be played at once or after first 32.Rb8, which also
wins. The move ...d6, now or after the preliminary exchange on c5, does not
help, because of Bc2.} 1-0

[Event "Pula op 19th"]
[Site "Pula"]
[Date "2005.06.24"]
[Round "7"]
[White "Atalik, Suat"]
[Black "Savic, Miodrag R"]
[Result "1-0"]
[WhiteElo "2561"]
[BlackElo "2521"]
[Annotator "Atalik,S"]
[PlyCount "77"]
[EventDate "2005.06.19"]
[EventType "swiss"]
[EventRounds "9"]
[EventCountry "CRO"]
[SourceTitle "CBM 106 Extra"]
[Source "ChessBase"]
[SourceDate "2005.07.01"]
[SourceVersion "1"]
[SourceVersionDate "2005.07.01"]
[SourceQuality "1"]

{This game with Serbian GM Miodrag Savic was very important for me for many
different reasons. First of all a win almost for sure would have brought me
the first place in the tournament. Second, and maybe the most important, we
could not have played a Bosnian Championship because of one of the 3 cantons
in my country namely Republika Srpska was pushing GM Savic and IM Stojanovic
to play in the above mentioned event without changing their rating lists and
still keeping their names in SCG list. Due to the confusion created around
these names eventually no championship was held this year so far.} 1. d4 Nf6 2.
c4 e6 3. Nc3 Bb4 4. Nf3 b6 5. Bg5 {This old line became a favorite of mine
these days.} Bb7 6. e3 Bxc3+ 7. bxc3 d6 {Skipping h6 is not very common
however over the board I could not come up with something proving that it is
unhealthy.} 8. Nd2 Nbd7 9. f3 h6 10. Bh4 e5 11. e4 Qe7 12. Qa4 $5 {Do we
remember Gata Rustemovich? It seems that I do!} ({The following line is giving
better chances to white however I did not want to give this type of position
to a blitz player.} 12. Bd3 g5 13. Bf2 Nh5 14. Nf1 f5 15. Ne3 f4 16. Nf5 Qf6
17. c5 dxc5 18. dxc5 $13 {Zakharevich-Bairachny,Tula 2002.}) 12... O-O (12...
g5 13. Bf2 Nh5 14. O-O-O $14) 13. Bd3 exd4 (13... Qe8 14. O-O Nh5 15. Rfe1 Nf4
16. Bc2 c5 17. Rad1 $5 cxd4 (17... Ne6 $6 18. d5 Ng5 19. Nf1 Qe7 20. Kh1 Rfd8
21. Ne3 Nf8 22. Nf5 Qf6 23. Qa3 Ng6 24. Bg3 Bc8 25. Qc1 $14 {Kamsky-Hjartarson,
Manila(ol)1992.}) 18. cxd4 exd4 19. Bg3 d3 20. Bxf4 dxc2 21. Qxc2 Ne5 22. Nf1
Qe6 23. Ne3 Rfc8 24. Nf5 $36 {is a piece of analysis by Gata.}) 14. cxd4 c5 15.
O-O cxd4 16. Qd1 $1 {This is the final part of devilish maneuver discovered by
Gata Rustemovich! As one can easily see white started an action seemingly in
the queenside but all of a sudden switched his forces to the flank.} Ne5 {
He played this one also quickly.} (16... Qe5 17. Re1 Nh5 18. Nb3 Nc5 19. Bf1
Ne6 20. Bf2 d3 21. Qxd3 Nhf4 22. Qd2 f5 23. exf5 Qxf5 24. Re3 d5 25. Rae1 $14 {
and white is better.}) 17. Nb3 {And now he now he sank into a deep thought.
Seemingly my opponent got really annoyed by Nd4-f5 which is the real idea
behind this variation.} Nc6 $5 $146 {He felt like it is time to protect the
pawn for a while.} 18. Re1 $1 {White should not rush into collecting the pawn
back butstrengthen his position for a while. This is what I have learned from
Yermo!} Qe5 19. Bg3 Qe6 (19... Qg5 20. Bxd6 Rfd8 21. f4 Qh4 22. g3 Qh3 23. Bf1
Qe6 24. e5 Ne8 25. c5 $16) 20. Bf1 Nh5 21. Bf2 Rac8 {The start of a very bad
plan.} (21... d3 22. Qxd3 Qg6 23. Qd2 Ne5 24. Nd4 Ba6 25. Rac1 Rac8 26. Kh1 $40
) (21... Nf4 22. Qd2 Qf6 23. Nxd4 $16) 22. Nxd4 Nxd4 23. Qxd4 Ba6 $4 {So far
the Serbian player was putting a fight in the game. Now he collapses. Typical
for someone who plays the whole day blitz during the tournament. He sees his
own tactics quickly but not his opponents ones.} (23... Nf6 24. a4 $1 (24. Red1
Rfd8 25. Bh4 Qe5 26. Bxf6 gxf6 $11) 24... Ba6 25. Rec1 Rc6 26. a5 bxa5 27. Rxa5
Rfc8 28. Ra4 R8c7 $14) 24. e5 $1 $18 {This should hurt!} Rfd8 {The best under
the circumstances.} (24... dxe5 25. Rxe5 Qg6 26. Bd3 f5 27. g4 $1 (27. Qd5+ $2
Kh8 28. Bxf5 Rxf5 29. Rxf5 Bxc4 $11) 27... Rcd8 28. Bxf5 Rxd4 (28... Qf7 29.
Qxd8 Rxd8 30. Be6 $18) 29. Bxg6 Nf4 30. Bxd4 Nxg6 31. Re3 $18) 25. Qh4 $1 {
This is much better than} ({the obvious} 25. exd6 Qd7 (25... Rxd6 $2 26. Rxe6
Rxd4 27. Re5 $18) (25... Qxd6 26. Re8+ $18) 26. a4 $18 (26. Re7 Qxe7 27. dxe7
Rxd4 28. Bxd4 Re8 29. a4 (29. Re1 $2 Nf4 $132) 29... Rxe7 30. a5 $18 {is a
technical win.})) 25... Qg6 (25... g6 26. Rad1) 26. Rad1 {The pin is
devastating.} Qg5 27. exd6 (27. Qxg5 hxg5 28. exd6 Nf6 29. Re7 Rd7 (29... Nd7
30. Rd4) 30. h4 $18 {is a transposition to the game.}) 27... Nf6 (27... Qxh4
28. Bxh4 g5 29. d7 Ra8 (29... Rb8 30. Bf2) 30. Bf2 Nf6 31. Rd6 Nxd7 32. Red1
Bc8 33. Bd3 Rb8 34. Be4 Rf8 35. Rxd7 Bxd7 36. Rxd7 Rfd8 37. Rd5 $18 {is a
simple win.}) 28. Re7 Rd7 {After this the win is trivial.} (28... Nd7 29. Qh3 (
29. Qxg5 hxg5 30. Rd4 Rc6 31. Bg3 f5 32. f4 g4 33. Bh4 $18) 29... Nc5 30. Rd5
Qg6 31. Rxa7 Rc6 32. Bxc5 bxc5 33. Qh4 $18) (28... Qxh4 29. Bxh4 Nd7 30. Rd4 g5
31. Be1 Kf8 32. Bb4 $18) 29. Qxg5 hxg5 30. h4 $1 {Now he could have resigned.
However considering the fact that I could not have beaten him in a queens
ending with two pawns up last year I was still very careful.} Kf8 {After a
couple of hostile stares he banged this one.} (30... Re8 31. hxg5 Rexe7 32.
dxe7 Rxd1 33. gxf6 Rxf1+ 34. Kh2 Rxf2 35. e8=Q+ Kh7 36. Qxf7 $18 {mates}) (
30... gxh4 31. Bxh4 Rcd8 32. Rxd7 Rxd7 33. Bxf6 gxf6 34. c5 Bxf1 35. c6 $18 {
is the most obvious win.}) 31. hxg5 Rxd6 32. Rxd6 $1 {After this he has to
lose a piece.} ({Anything wins} 32. Rxf7+ $2 Kxf7 33. Rxd6 Ne8 (33... Ke7 34.
gxf6+ Kxd6 35. c5+ $18) 34. Rd7+ Kg6 35. Rxa7 Bxc4 36. Bxb6 $18) 32... Kxe7 33.
c5 {This is the point.} Bxf1 (33... bxc5 34. Rxa6) 34. gxf6+ gxf6 35. Kxf1 bxc5
36. Rd5 $1 {Once again I did not want to bring the game into the realms of my
aversive memories from the last Bosnian League.} c4 37. Rc5 Rb8 38. Rxc4 Rb1+
39. Be1 {Curtains!} 1-0

[Event "ROM-chT"]
[Site "Timisu de Sus"]
[Date "1998.11.??"]
[Round "1"]
[White "Atalik, Suat"]
[Black "Marin, Mihail"]
[Result "1/2-1/2"]
[WhiteElo "2585"]
[BlackElo "2530"]
[Annotator "Atalik,S"]
[PlyCount "34"]
[EventDate "1998.11.??"]
[EventType "team"]
[EventRounds "5"]
[EventCountry "ROU"]
[SourceTitle "EXT 2002"]
[Source "ChessBase"]
[SourceDate "2001.11.25"]
[SourceVersion "1"]
[SourceVersionDate "2001.11.25"]
[SourceQuality "1"]

1. d4 Nf6 2. c4 e6 3. Nf3 b6 4. Nc3 Bb4 5. Bg5 Bb7 6. e3 h6 7. Bh4 g5 8. Bg3
Ne4 9. Nd2 $5 Nxg3 $5 (9... Nxc3 10. bxc3 Bxc3 11. Rc1 Bb4 12. h4 $44) 10. hxg3
Bxc3 11. bxc3 Nc6 12. f4 $2 (12. e4 Qe7 (12... e5 13. Nb3 Qf6 14. Be2) 13. Bd3
O-O-O 14. Qe2 $14 {or}) (12. Bd3 Qe7 13. Qe2 O-O-O 14. e4 $14) 12... Qe7 13.
Be2 O-O-O 14. c5 Rdg8 15. Bf3 h5 $1 16. Nb3 f5 $6 (16... g4 17. Be2 h4 18. Bxg4
hxg3 19. Rxh8 (19. Bh3) 19... Rxh8 20. Bh3) (16... h4 $1 17. g4 f5 $19) 17. Qd2
h4 {Here black regretting that he has missed 16...h4 offered a draw.} (17... h4
18. gxh4 g4 (18... gxf4 $6 19. exf4 Rxh4 20. O-O-O) 19. Bxc6 Bxc6 20. h5 Qf7
$17) 1/2-1/2

[Event "Batumi FIDE GP (Women)"]
[Site "Batumi"]
[Date "2016.04.30"]
[Round "9"]
[White "Zhao, Xue"]
[Black "Skripchenko, Almira"]
[Result "1-0"]
[WhiteElo "2504"]
[BlackElo "2453"]
[Annotator "Besenthal,K"]
[PlyCount "79"]
[EventDate "2016.04.20"]
[EventType "tourn"]
[EventRounds "11"]
[EventCountry "GEO"]
[EventCategory "10"]
[SourceTitle "CBM 172"]
[Source "ChessBase"]
[SourceDate "2016.05.12"]
[SourceVersion "1"]
[SourceVersionDate "2016.05.12"]
[SourceQuality "1"]

1. c4 Nf6 2. Nf3 b6 3. d4 e6 4. Nc3 Bb4 5. Bg5 Bb7 6. Nd2 h6 7. Bh4 Nc6 8. e3
Be7 {Diagramm [#] Alle sechs Referenzpartien, die sich zu dieser Stellung in
der Datenbank finden lassen, wurden von Weiß gewonnen.} 9. Be2 d6 10. f4 e5 $2
(10... O-O 11. O-O d5 {hätte besser zur Stellung gepasst.}) 11. fxe5 dxe5 12.
d5 Nb8 13. Bf2 (13. Bf3 $1 c6 14. Bxf6 Bxf6 15. Qa4 Qd7 16. Nde4 $16) 13...
Nbd7 (13... c6 $1 {kam in Frage.}) 14. e4 {Danach ist der weiße Vorteil erst
mal weg.} (14. Bf3 $1) 14... O-O 15. a3 a5 16. Rb1 Bd6 17. O-O Qe7 18. Kh1 Ne8
19. Qe1 Kh8 20. Bh4 g5 $2 {Die adäquate Aufstellung für Schwarz wäre hier
gewesen: f7-f6, Lc5, evtl. a5-a4 und Sd6.} 21. Bf2 Ng7 22. Bg1 Rab8 23. Qg3 Nf6
24. b4 axb4 25. axb4 Ng8 $2 (25... Nd7 {verhindert c4-c5.}) 26. c5 bxc5 27.
bxc5 Bxc5 28. Bxc5 Qxc5 29. Rb5 {Diagramm [#]} Qa7 (29... Qd4 $2 30. Nb3 Qa7
31. Ra1 $18) 30. Nc4 Ba6 31. Ra5 Qb7 32. Nxe5 Bxe2 33. Nxe2 Qb4 34. Raa1 Qxe4
35. Nc3 Qc2 36. Rf2 Ra8 37. Raf1 Qb3 38. Nxf7+ Rxf7 39. Rxf7 Re8 40. Qxc7 1-0

[Event "Hoogovens"]
[Site "Wijk aan Zee"]
[Date "1977.01.14"]
[Round "1"]
[White "Miles, Anthony John"]
[Black "Ligterink, Gert"]
[Result "1/2-1/2"]
[WhiteElo "2555"]
[BlackElo "2430"]
[Annotator "Bulletin"]
[PlyCount "63"]
[EventDate "1977.01.14"]
[EventType "tourn"]
[EventRounds "11"]
[EventCountry "NED"]
[EventCategory "11"]
[SourceTitle "MCL"]
[Source "ChessBase"]
[SourceDate "1999.07.01"]
[SourceVersion "1"]
[SourceVersionDate "1999.07.01"]
[SourceQuality "1"]

1. d4 Nf6 2. c4 e6 3. Nf3 b6 4. Bg5 Bb7 5. Nc3 h6 6. Bh4 Bb4 7. e3 c5 8. Bd3
Bxc3+ (8... d6 9. Rc1) 9. bxc3 d6 10. O-O Nbd7 11. Nd2 Qc7 12. Qc2 g5 13. Bg3
h5 14. h4 gxh4 15. Bxh4 O-O-O 16. f3 (16. Ne4 Rdg8 $1) 16... Rdg8 17. a4 Rg7
18. Ne4 Nh7 19. a5 f5 20. axb6 axb6 21. Nd2 Rhg8 22. Rf2 Ndf6 23. Ra7 $6 (23.
d5 $1 Ng5 24. Kf1 exd5 25. Bxf5+ Kb8 26. Qa2 Bc6 27. Be6 $1 Nxe6 28. Bxf6)
23... Kb8 24. Qa4 Ng5 25. Bxg5 $2 (25. Kf1) 25... Rxg5 26. Bf1 h4 27. Nb1 h3
28. Ra2 Qh7 29. Ra8+ Kc7 30. Ra7 Kb8 31. Ra8+ Kc7 32. Ra7 (32. Ra7 Rb8 $1 $17)
1/2-1/2

[Event "Plzen KB op-A U18"]
[Site "Plzen"]
[Date "1997.??.??"]
[Round "7"]
[White "Stocek, Jiri"]
[Black "Cvek, Robert"]
[Result "1-0"]
[WhiteElo "2470"]
[BlackElo "2390"]
[Annotator "Bulletin"]
[PlyCount "53"]
[EventDate "1997.??.??"]
[EventType "swiss"]
[EventRounds "9"]
[EventCountry "CZE"]
[SourceTitle "EXT 1998"]
[Source "ChessBase"]
[SourceDate "1997.11.17"]
[SourceVersion "1"]
[SourceVersionDate "1997.11.17"]
[SourceQuality "1"]

1. d4 Nf6 2. c4 e6 3. Nc3 Bb4 4. Nf3 b6 5. Bg5 Bb7 6. e3 h6 7. Bh4 g5 8. Bg3
Ne4 9. Nd2 Nxc3 10. bxc3 Bxc3 11. Rc1 Bxd2+ 12. Qxd2 d6 13. c5 dxc5 14. Qb2 (
14. dxc5) 14... O-O 15. h4 g4 16. dxc5 Qd5 17. Be2 Nc6 $2 (17... Qxg2 $142 18.
Rh2 Qd5 $8 19. Qf6 Nd7 20. Qxh6 Nxc5 21. Qg5+ Qxg5 22. hxg5 $44) 18. f3 $16
gxf3 19. Bxf3 Qd3 20. Kf2 Na5 21. c6 Ba6 22. Rhd1 Nc4 23. Qe2 Qxe2+ 24. Bxe2 b5
25. a4 Nb2 26. Rd4 Rfb8 27. Bxc7 1-0